Rekonštrukcia fariem dojníc vyžaduje komplexný a odborný prístup

Bibliographic Details
Main Author: Kubina, Ľubomír, 1936- (Author)
Format: Article
Language:Slovak
PhysicalDescription:Fotogr. 6
ISSN:1335-1990
Subjects:

MARC

LEADER 00000nab a2200000 a 4500
001 vtls000620421
003 SK-MaSNL
005 20260304091529.0
008 250425c1997 xo 0 slo
015 |a SNBRB19rr/mm-uuuuu 
035 |a CL0620560 
035 |a (urnnbn)urn:nbn:sk:snk:ar-006o2w 
035 |a (uuid)fed496cd-d1b4-48be-b94a-1f7bc641795d 
035 |a urn:nbn:sk:snk-ab86x8 
040 |a SNKBUCL  |b slo  |c SNKBUCL  |e AACR2 
041 0 |a slo 
044 |a xo  |c SK 
080 |a 631.223.24:636.2.034.083  |2 1981 
080 |a 636.2.034.083  |2 1981 
100 1 |a Kubina, Ľubomír,  |d 1936-  |4 aut  |9 189621 
245 1 0 |a Rekonštrukcia fariem dojníc vyžaduje komplexný a odborný prístup  |c Ľubomír Kubina 
300 |b Fotogr. 6 
650 0 7 |a mliečny dobytok  |2 snkbucl  |9 67365 
650 0 7 |a farmy  |2 snkbucl  |9 18218 
655 7 |a články z novín a časopisov  |2 snkbucl  |9 267496 
773 0 |t Slovenský chov  |g Roč. 2, č. 3 (1997)  |g S. 5-6  |x 1335-1990  |x 1335-1990 
773 0 |t [Príl.] Technológie v chove hospodárskych zvierat  |g Roč. 2, č. 3 (1997)  |g S. 5-6  |x 1335-1990  |x 1335-1990 
850 |a Slovenská národná knižnica 
852 |a Slovenská národná knižnica 
954 |a odborná, vedecká literatúra pôvodná (slovenská)  |2 lita 
958 |a article9 
958 |a RK 
958 |a OND 
958 |a EUIPO 
999 |c 2815758  |d 2817688